|
|
|
|
| LEADER |
00933nam a2200229 a 4500 |
| 001 |
00023461 |
| 003 |
BD-DhAAL |
| 008 |
110928s2011 ii 000 1 ben |
| 999 |
|
|
|c 11279
|d 11279
|
| 020 |
|
|
|a 8172932065
|
| 040 |
|
|
|a BD-DhAAL
|c BD-DhAAL
|
| 082 |
0 |
0 |
|a 891.4/4371
|2 21
|
| 100 |
0 |
|
|a দেবী, আশাপূর্ণা,
|d 1909-1995.
|9 29688
|
| 245 |
1 |
0 |
|a সুবর্ণলতা /
|c দেবী, আশাপূর্ণা
|
| 260 |
|
|
|a কলকাতা :
|b মিত্র এন্ড ঘোষ পাবলিশার্স প্রাঃ লিঃ.,
|c 2011.
|
| 300 |
|
|
|a ৪৩৮ পৃঃ. ;
|c ২৩ সে.মি.
|
| 500 |
|
|
|a Novel.
|
| 541 |
1 |
|
|e 00023461
|
| 651 |
|
0 |
|a Bengali
|x Fiction.
|9 29689
|
| 852 |
1 |
|
|a Ayesha Abed Library
|c General Shelf.
|
| 942 |
|
|
|2 ddc
|c BK
|
| 952 |
|
|
|0 0
|1 0
|2 ddc
|4 0
|6 891_443710000000000_DEB
|7 0
|9 18298
|a BDI
|b BDI
|c GEN
|d 2011-10-02
|l 0
|o 891.44371 DEB
|p 3050023461
|r 2011-10-02
|t 1
|w 2011-10-02
|y BK
|